000 01302nam a2200325 i 4500
001 bg
003 KOSZ 005
005 20191012080856.0
008 070910s1965 pl a f 001 0 pol
015 _aPB 1966/1198
040 _aWA N
_cKOSZ 005/RW
_dKOSZ 005/RW
080 _a69+624:658.2/.5
100 1 _aDyżewski, Aleksander
_d(1893-1970)
_eAutor
245 1 0 _aTechnologia i organizacja budowy /
_cAleksander Dyżewski ; [współudz. Ryszard Ciołek, Lucjan Łabentowicz, Andrzej Miączyński]
250 _aWyd. 2 rozsz. i uzup.
260 _aWarszawa :
_b"Arkady",
_c1965.
300 _aXIX, [1], 1188, [1] s., [12] k. tabl. :
_bil., err. ;
_c25 cm.
380 _aKsiążki.
504 _aBibliogr. s. 1177-[1178].
521 8 _aDla słuchaczy wyższych szkół technicznych, inżynierów i techników.
650 4 _aBudownictwo
_xorganizacja.
650 4 _aBudownictwo
_xtechnologia.
655 4 _aPodręczniki akademickie
710 2 _aWydawnictwo "Arkady".
_4pbl.
700 1 _aCiołek, Ryszard
_d(1921-2010)
_eAutor
700 1 _aŁabentowicz, Lucjan
_eAutor
700 1 _aMiączyński, Andrzej
_eAutor
856 _uhttp://koha.tu.koszalin.pl/cgi-bin/koha/opac-detail.pl?biblionumber=10700
_yKatalog online BPK
942 _2UKD
_cKS
999 _c10700
_d10700